000 00370nam a2200157Ia 4500
005 20250603145913.0
008 250603s9999 xx 000 0 und d
020 _a0852292902
050 _aAE 5 .E364/
245 4 _aThe New Encyclopaedia Britannica
260 _aChicago
260 _bEncyclopaedia Britannica
260 _c1974
650 _aChicago
942 _cBK
999 _c43199
_d43199